000 00600nam a2200193Ia 4500
008 151121s9999||||xx |||||||||||||| ||und||
082 _a813/कदम
082 _bHNW-115070
100 _aकदम बाबा
245 _aराजलक्ष्मी
260 _b"दिलीपराज प्रकाशन प्रा। लि।, पुणे।"
260 _c2011
300 _a208
600 _aकदम बाबा
630 _aराजलक्ष्मी
700 _aकदम बाबा
730 _aराजलक्ष्मी
942 _cBOOK
999 _c1263858
_d1263855